| 000 | 00736nam a2200229 i 4500 | ||
|---|---|---|---|
| 001 | bgj | ||
| 245 | 1 | 0 |
_aZu dir hin : _bÜber mystische Lebenserfahrung von Meister Eckhart bis Paul Celan / _cHerausgegeben von Wolfgang Böhme. |
| 260 |
_aFrankfurt am Main : _bSuhrkamp, _c1990. |
||
| 300 |
_a331, [1] S. ; _c18 cm. |
||
| 490 | 1 |
_aSuhrkamp Taschenbuch ; _v1765 |
|
| 504 | _aBibliographie S. [332]. | ||
| 650 | 9 |
_aMystik _xGeschichte _xAufsatzsammlung |
|
| 650 | 9 |
_aMystiker _xAufsatzsammlung |
|
| 700 | 1 |
_aBöhme, Wolfgang _d(1919- ). _eHrsg. |
|
| 830 | _aSuhrkamp Taschenbuch ; | ||
| 020 | _a3518382659 | ||
| 040 | _cBPK | ||
| 041 | 0 | _ager | |
| 920 | _a3-518-38265-9 | ||
| 942 | _cKS | ||
| 008 | s gw f |000 0 ger | ||
| 999 |
_c50234 _d50234 |
||
| 856 |
_uhttp://koha.tu.koszalin.pl/cgi-bin/koha/opac-detail.pl?biblionumber=50234 _yKatalog online BPK |
||